Women in class society (Record no. 1061)
[ view plain ]
| 000 -LEADER | |
|---|---|
| fixed length control field | 00223nam a2200097Ia 4500 |
| 008 - FIXED-LENGTH DATA ELEMENTS--GENERAL INFORMATION | |
| fixed length control field | 240331s9999 xx 000 0 und d |
| 082 ## - DDC Classification | |
| Class No. | 301.42 |
| Item Number - Author Mark | SAF |
| 100 ## - MAIN ENTRY--PERSONAL NAME | |
| Personal name | Saffioti, H.I.B |
| 245 #0 - TITLE STATEMENT | |
| Title | Women in class society |
| 942 ## - Koha item type (Biblio) | |
| Koha item type | Books in Stacks (Lending) |
| Lost status | Damaged status | Collection code | Home library | Current library | Shelving location | Date acquired | Full call number | Accession Number | Item type |
|---|---|---|---|---|---|---|---|---|---|
| Lending | WERC Library | WERC Library | Social Science Cupboard | 03/31/2024 | 301.42 SAF | 1151 | Books in Stacks (Lending) |
